00185nam a2200073Ia 4500008004100000082000800041100002100049245004100070240331s9999 xx 000 0 und d bWOM aJayaweera, S. ed 0aWomen in post-independence Sri Lanka